Australia States and Territories Quiz - Statistics

General Stats
  • This quiz has been taken 22 times
  • The average score is 8 of 12
Answer Stats
Capital State or Territory % Correct
Sydney New South Wales
100%
Hobart Tasmania
100%
Melbourne Victoria
100%
Darwin Northern Territory
95%
Brisbane Queensland
95%
Perth Western Australia
95%
Adelaide Southern Australia
90%
Canberra Australian Capital Territory
86%
The Settlement Christmas Island
38%
______ Jervis Bay
19%
West Island Cocos Islands
14%
Kingston Norfolk Island
14%
No matching quizzes found
Score Distribution
Percent of People with Each Score
Percentile by Number Answered
Your Score History
You have not taken this quiz